Quizzes
Events
Quiz Creation
Community
Videos
Private Events
Remove Ads
Sign In
Join for FREE
Feedback
Dark Mode
Quiz Categories
Sports
Geography
Music
Movies
Television
Just For Fun
Miscellaneous
History
Literature
Language
Science
Gaming
Entertainment
Religion
Holiday
For Kids
Quiz Lab
Recent
Popular Today
Quiz Kudos Today
Editor Picks
Curator Picks
Quizzes by...
Day
Popularity
Type
Ratings
Length
Year
Community
Subscriptions
Recent Discussions
Orange Saloon
Badges
Playlists
Quests
Create
Leaderboards
Showdown
Live 5
Trivia Bingo
Activity
Puzzle Library
Sporcle Events
Private Events
Virtual Trivia
Globe League
Become a Host
Pub Owners
SporcleCon
Opinionation
Our Games
Videos
Blog
Mobile Apps
Partnerships
Remove Ads and Go Orange
Feedback
Gaming
Video Games
Board Games
Card Games
Pokémon
Mario
Nintendo
Minecraft
Console
Toys
Legend of Zelda
Gaming
Video Games
Board Games
Card Games
Pokémon
Mario
Nintendo
Minecraft
Console
Toys
Legend of Zelda
Random Quiz
Search Sporcle
×
Quiz Lab
Quiz Lab
Gaming
bioshock
Type in answers that appear in a list
Type in answers that appear in a list
Classic
Best Score? Go Orange.
BioShock Infinite Trivia Stats
How well do you know your BioShock Infinite?
By
KingHSM
10m
21 Questions
1,282 Plays
1,282 Plays
1,282 Plays
Comments
Comments
Give Quiz Kudos
Give Quiz Kudos
-
- Ratings
hide this ad
Replay
Link that replays current quiz
Next Quiz
Link to next quiz in quiz playlist
You Got
0%
They Got
Avg Score
54%
Avg Friend Score
Upgrade to see
Score Distribution
Jump to the score distribution portion of the page
Score
0/21
Timer
10:00
0
Plays Today
Question
Answer
% Correct
Who is your side-
kick once you've saved her?
Elizabeth
95%
Who is the main character?
Booker DeWitt
94.7%
Where is the story set?
Columbia
91.7%
What is the name of the mechanical animal that protects the girl in the tower?
Songbird
77.3%
In what year is it set?
1912
74.5%
Is BioShock Infinte one of the best games ever?
Yes
74.1%
What is it about the protagonist that identifies him as the 'False Shepherd'?
AD
70.8%
What is the name of the revolting army that opposes the ways of the 'Founders'?
The Vox Populi
70.4%
What does that stand for?
Anna DeWitt
65.2%
Who is their leader?
Daisy Fitzroy
59.5%
What can your side-
kick open?
Tears
58.4%
Question
Answer
% Correct
Where does this animal die?
Rapture
56.9%
What number does the protagonist get in the raffle?
77
53.4%
Who was it that developed the technology that allows the city to float?
Rosalind Lutece
45%
Which battle did the protagonist fight in?
The Battle of Wounded Knee
42.9%
Which company developed the game?
Irrational Games
38%
Which voice actor played the protagonist?
Troy Baker
36%
Which voice actress played the side-
kick?
Courtnee Draper
14.5%
What is the name of the main antagonist or 'The Prophet'?
Father Zachary Hale Comstock
11.3%
Which emotion can the mechanical animal feel?
Betrayal
5.7%
Who does the protagonist work for?
The Pinkerton Detective Agency
5.6%
Quiz Playlist
Details
Report
Send in Message
Add To Playlist
Classic:
Type in answers that appear in a list
Last Updated: May 21, 2017
Quiz Scoreboard
CHALLENGE
Sign Up to Join the Scoreboard
Show All
Scores
Hide
Comments
May contain spoilers
Recently Published
College Basketball Coaching Resumes
by pancakes188
Sports
9m
Billboard Blitz: Fleetwood Mac
by CooCooCachoo
Music
15s
Presidents Visiting Landmarks
by Hejman
History
7m
More to Explore
Quiz From the Vault
Featured Blog Post
Where Did the Easter Bunny Come From?
hide this ad
You Might Also Like...
Tags
bioshock
infinite
Today's Top Quizzes in Gaming
Browse Gaming
hide this ad
Today's Top Quizzes in bioshock
Browse bioshock
Top Contributed Quizzes in Gaming
1
5-to-1: Consoles
2
7-to-1: Board Game Piece Blitz
3
5-to-1: Legend of Zelda
4
Destiny 2 exotic weapons by perk icons
5
League of Legends Pro Players by Career/Team History
6
Ultimate Genshin Impact Logic Puzzle (up to 4.3)
7
Franchise by Action Figure
8
Who's on the WWE 2K24 Cover?
9
Genshin Impact Logic Puzzle Quiz
10
Overwatch Logic Puzzle
Explore More
Trending Topics
Kpop
Disney
Crossword
Anime
NBA
Harry Potter
Marvel
The Office
Pokémon
Puzzle
Song
WWE
Soccer
NFL
Country
hide this ad
More By:
KingHSM
Quiz
Plays
Rating
Category
Featured
Created
BioShock Infinite Trivia
1,282
1.67
Gaming
Jan 16, 2014
Go to Creator's Profile
Score Distribution
Quiz Creator Spotlight
KingHSM
Follow
Send a Message
Quizzes Created
-
Created Quiz Play Count
-
More By This Creator
Popular Quizzes Today
1
Find the US States - No Outlines Minefield
2
Find the Countries of Europe - No Outlines Minefield
3
The Countries of the World
4
Find the US States
5
Risky Map Clicking: Biggest States A-Z
6
US States
7
Popular People in 1961
8
Movies - When Are They Set?
More Gaming Quizzes
Finish the Video Game Titles (2010s)
Published
Trending Quizzes
Risky Map Clicking: Least Populous States A-Z
1-10 Letter G Words
1-10 Letter F Words
Risky Map Clicking: Next State Alphabetically
Risky Map Clicking: Biggest States A-Z
Recently Updated
Leaping Animals
pecheneg
Reality TV Shows (A-Z)
bhenderson79
Rickey Henderson's Hall of Fame Teammates
pecheneg
Champions League XIs: Arsenal
pecheneg
Quick Pick: Celebrities in WWE's Hall of Fame
aduchscher
A-Z Keypad Blitz II
pecheneg
Multiple Oscar Actors
pecheneg
Mystery Phrase Blitz: Oscar 'Best Actors'
pecheneg
F. Scott Fitzgerald Novels
LTH
Pick 3 Villains
ddd62291
Trending Topics
Kpop
Harry Potter
Disney
Anime
NBA
Crossword
Marvel
Country
Pokémon
WWE
The Office
Song
Soccer
Puzzle
NFL
Your Account Isn't Verified!
In order to create a playlist on Sporcle, you need to verify the email address you used during registration. Go to your
Sporcle Settings
to finish the process.
Report this User
Report this user for behavior that violates our
Community Guidelines
.
Details:
Send Report
Go to the Sporcle.com Mobile Site →
Comments